000 00306nam a22001337a 4500
008 170411b xxu||||| |||| 00| 0 eng d
020 _a9780781724807
041 _aeng
080 _24 ED
_a618
100 _a10
101 _aSHM
245 _aOBSTETRICSAND GYNECOLOGY
_cBECKMAN.CH.R.B
942 _2udc
_cBK
999 _c10364
_d10364